000
00320nam a22001337a 4500
008
180202b xxu||||| |||| 00| 0 eng d
020
_a
9076998817
041
_a
eng
080
_a
612.39
100
_a
9
101
_a
NUT
245
_a
XX International grassland congress: Offered papers
_c
O'mara,F.P
942
_2
udc
_c
BK
999
_c
41632
_d
41632